000 00384nam a2200157Ia 4500
005 20240807062554.0
008 240806s9999||||xx |||||||||||||| ||eng||
041 _aeng
082 _a294.59215
_bBANA
100 _aVishwa Bandhu
245 0 _aAtharvveda /
_cVishwa Bandhu
260 _bVishveshvaranand Vedic Research Hoshiarpur
300 _a0
650 _aSanskrit
942 _cBK
999 _c22961
_d22961